THE EXPLOSIVE WORLD OF VOLCANOES WITH MAXAXIOM SUPER SCIENTIST : (Record no. 174376)

MARC details
000 -LEADER
fixed length control field 01654nam a22003497ia4500
003 - CONTROL NUMBER IDENTIFIER
control field PPAK
005 - DATE AND TIME OF LATEST TRANSACTION
control field 20191014121354.0
008 - FIXED-LENGTH DATA ELEMENTS--GENERAL INFORMATION
fixed length control field 190919t20192019mnua b 001 0 eng d
020 ## - INTERNATIONAL STANDARD BOOK NUMBER
International Standard Book Number 9781543529586
Terms of availability RM34.20
Qualifying information paperback
040 ## - CATALOGING SOURCE
Original cataloging agency PPAK
Language of cataloging eng
Transcribing agency PPAK
Description conventions rda
082 04 - DEWEY DECIMAL CLASSIFICATION NUMBER
Edition number 23
Classification number 551.21
090 00 - LOCALLY ASSIGNED LC-TYPE CALL NUMBER (OCLC); LOCAL CALL NUMBER (RLIN)
Classification number (OCLC) (R) ; Classification number, CALL (RLIN) (NR) 551.21
Feature heading HAR
Feature heading K
100 1# - MAIN ENTRY--PERSONAL NAME
Personal name Harbo, Christopher L.,
-- author.
Relator term editor.
245 10 - TITLE STATEMENT
Title THE EXPLOSIVE WORLD OF VOLCANOES WITH MAXAXIOM SUPER SCIENTIST :
Remainder of title An Augmented Reading Science Experience /
Statement of responsibility, etc. by Christopher L. Harbo; illustrated by Tod Smith; Consultant Professor Henneth H. Rubin
264 #1 - PRODUCTION, PUBLICATION, DISTRIBUTION, MANUFACTURE, AND COPYRIGHT NOTICE
Place of production, publication, distribution, manufacture North Mankato, Minnesota:
Name of producer, publisher, distributor, manufacturer CAPSTONE PRESS,
Date of production, publication, distribution, manufacture, or copyright notice [2019]
Date of production, publication, distribution, manufacture, or copyright notice © 2019
300 ## - PHYSICAL DESCRIPTION
Extent 32 pages:
Other physical details colour illustrations;
Dimensions 23 cm
336 ## - CONTENT TYPE
Source rdacontent
Content type term text
337 ## - MEDIA TYPE
Source rdamedia
Media type term unmediated
338 ## - CARRIER TYPE
Source rdacarrier
Carrier type term volume
490 1# - SERIES STATEMENT
Series statement GRAPHIC LIBRARY. GRAPHIC SCIENCE
500 ## - GENERAL NOTE
General note Includes index
General note A 4D BOOK
520 ## - SUMMARY, ETC.
Summary, etc. "Travel through time and across the globe as Max Axiom explains how and why volcanoes shape and change the Earth's surface! Young readers' curiosity about the volcanic world will erupt. Download the free Capstone 4D app for an augmented reality experience that goes beyond the printed page. Videos, writing prompts, discussion questions, and hands-on activities make this updated edition come alive and keep your collection current."--
521 1# - TARGET AUDIENCE NOTE
Target audience note Age 8-14.
650 10 - SUBJECT ADDED ENTRY--TOPICAL TERM
Topical term or geographic name entry element Volcanoes
Form subdivision Juvenile literature
Topical term or geographic name entry element Volcanoe
700 1# - ADDED ENTRY--PERSONAL NAME
Personal name Smith, Tod,
Relator term illustrator.
Personal name Rubin, Henneth H.,
Titles and other words associated with a name Professor.
Relator term consultant.
830 #0 - SERIES ADDED ENTRY--UNIFORM TITLE
Uniform title Graphic Library. Graphic Science
942 ## - ADDED ENTRY ELEMENTS (KOHA)
Source of classification or shelving scheme Dewey Decimal Classification
Koha item type Book
Holdings
Withdrawn Not for loan Current library Shelving location Date acquired Full call number Barcode Date last seen Koha item type Total Checkouts Total Renewals Date last checked out
    Perpustakaan Alor Setar Pinjaman Kanak-kanak 29/10/2019 K 551.21 HAR A01617596 29/10/2019 Book      
    Perpustakaan Awam Sungai Petani Pinjaman Kanak-kanak 29/10/2019 K 551.21 HAR A01617597 29/10/2019 Book      
    Perpustakaan Jitra Pinjaman Kanak-kanak 29/10/2019 K 551.21 HAR A01617598 29/10/2019 Book      
    Perpustakaan Kulim Pinjaman Kanak-kanak 29/10/2019 K 551.21 HAR A01617599 10/08/2020 Book 1 1 14/07/2020
    Perpustakaan Langkawi Pinjaman Kanak-kanak 29/10/2019 K 551.21 HAR A01617600 15/10/2020 Book 1   23/09/2020